Football - Les 10 plus gros transferts (2009-2010) - Statistiques

Statistiques générales
  • Ce quiz a été pris 90 fois
  • Le résultat moyen est 5 sur 10
Statistiques - réponses
Rang Club Précédent Nouveau Club Montant Joueur % Correct
1 Manchester United Real Madrid 94 000 000 € Cristiano Ronaldo
100%
3 Milan AC Real Madrid 67 000 000 € Kaka
88%
4 Olympique Lyonnais Real Madrid 35 000 000 € Karim Benzema
88%
2 Inter Milan Barcelone 69 500 000 € Zlatan Ibrahimovic
72%
5 Liverpool Real Madrid 34 500 000 € Xabi Alonso
56%
8 Manchester United Manchester City 29 000 000 € Carlos Tevez
49%
6 Stuttgart Bayern Munich 30 000 000 € Mario Gomez
39%
9 Genoa Inter Milan 28 000 000 € Diego Milito
25%
7 Arsenal Manchester City 29 000 000 € Emmanuel Adebayor
19%
10 Everton Manchester City 27 500 000 € Joleon Lescott
8%
Aucun quiz correspondant
Distribution des résultats
% des personnes avec chaque résultat
Percentile par nombre de réponses
Votre historique - résultats
Vous n’avez pas pris ce quiz